Video Game Launch Titles - Statistics

General Stats
  • This quiz has been taken 7 times
  • The average score is 5 of 15
Answer Stats
Console Year Released Game(s) % Correct
NES 1983(J)1985(US) Super Mario Bros.|Duck Hunt|Excitebike|Golf|Kung-Fu|Baseball|Tennis|Pinball|Hogan's Alley|Donkey Kong
71%
Atari 2600 1982 Pac-Man|Galaxian|Space Invaders|Super Breakout
57%
N64 1996 Super Mario 64|Star Wars: Shadows of the Empire|Turok:Dinosaur Hunter|Pilotwings 64|Wayne Gretzky's 3D Hockey| FIFA Soccer 64|Saikyo Habu Shogi
57%
Game Boy 1989 Tetris|Super Mario Land|Tennis|Alleyway|Baseball|Yakuman
57%
Wii 2006 Wii Sports|The Legend of Zelda: Twilight Princess|Call of Duty 3|Need for Speed: Carbon|Super Monkey Ball: Banana Blitz|Cars|Red Steel| Monster 4x4: World Circuit|Excite Truck|GT Pro Series
57%
Dreamcast 1998(J)1999(US) Sonic Adventure|NFL 2K|Virtua Fighter 3tb|SoulCalibur|The House of the Dead 2|Tokyo Xtreme Racer|Power Stone| Blue Stinger|Sega Bass Fishing|Godzilla Generations
43%
SNES 1990(J)1991(US) Super Mario World|F-Zero|SimCity|Pilotwings|Gradius III|Super Tennis
43%
Xbox 2001 Halo: Combat Evolved|Project Gotham Racing|Dead or Alive 3|Max Payne|Fuzion Frenzy|NFL Fever 2002|Amped: Freestyle Snowboarding|Oddworld: Munch's Oddysee|Tony Hawk's Pro Skater 2x| Madden NFL 2002
29%
Sega Genesis 1988(J)1989(US) Altered Beast|Super Thunder Blade|Thunder Force II|Tommy Lasorda Baseball|Alex Kidd in the Enchanted Castle| Columns|Golden Axe|Space Harrier II|Last Battle
14%
PS4 2013 Call of Duty: Ghosts|Battlefield 4|FIFA 14|Assassin's Creed IV: Black Flag|Killzone: Shadow Fall|Need for Speed: Rivals|Lego Marvel Super Heroes| Knack|NBA 2K14|Injustice: Gods Among Us
14%
Gamecube 2001 Luigi's Mansion|Star Wars Rogue Leader: Rogue Squadron 2|Super Monkey Ball|Tony Hawk's Pro Skater 3|Madden NFL 2002| Wave Race: Blue Storm|Crazy Taxi|Dave Mirra's Freestyle BMX 2| Batman: Vengeance|All-Star Baseball 2002
14%
Xbox 360 2005 Hexic HD|Call of Duty 2|Need for Speed: Most Wanted|Madden NFL 06|Condemned|Quake 4|Kameo: Elements of Power|Tony Hawk's American Wasteland|Tiger Woods PGA Tour 06|NBA Live 06
0%
PSP 2004 Midnight Club 3|Ridge Racer|Need for Speed Underground: Rivals|Spiderman 2|Lumines|Untold Legends: Brotherhood of the Blade| Wipeout Pure|Metal Gear Acid|Twisted Metal: Head-On|Ape Escape: On the Loose
0%
PS3 2006 Resistance: Fall of Man|Fight Night Round 3|Call of Duty 3|Ridge Racer 7|Need for Speed: Carbon|Genji: Days of the Blade|Tony Hawk's Project 8| Marvel: Ultimate Alliance|NBA 2K7|Mobile Suit Gundam: Crossfire
0%
PS2 2000 Tekken Tag Tournament|Midnight Club: Street Racing|SSX|Smugglers Run|Madden NFL 2001|Ridge Racer 5|Dead or Alive 2|NHL 2001|Kessen|Street Fighter EX3
0%
No matching quizzes found
Score Distribution
Percent of People with Each Score
Percentile by Number Answered
Your Score History
You have not taken this quiz